00926nam a2200265 a 450000100060000000300080000600500170001400800410003103500190007204000350009104100080012608200290013411000190016324500810018225000130026326000400027630000360031650000200035250000920037265000350046465000350049965000340053470000690056870000230063746633BD-RjUL20211209054200.0160803s1957 enk 001 0 eng  a(BD-RjUL)46752 aDLCcDeWW-LdDLCdBD-RjULbeng aeng 223a346.660941bBUC 19571 aGreat Britain.10aBuckley on the Companies acts /cby the Late Right Honourable Lord Wrenbury. a13th ed. aLondon :bButterworth & Co.,c1957. accxxxii, 1230, 165 p. ;c26 cm. aIncludes index. aFirst ed. published in 1872 under title: The law and practice under the Companies acts. 0aCorporation lawzGreat Britain 0aStock companieszGreat Britain 0aLife insurancezGreat Britain1 aBuckley, H. Burtonq(Henry Burton),cBaron Wrenbury,d1845-1935.1 aLindon, J. B., ed.